| 000 | 00610nam a2200181 4500 | ||
|---|---|---|---|
| 001 | 145377 | ||
| 003 | ES-MaACL | ||
| 005 | 20230906201223.0 | ||
| 007 | t| | ||
| 008 | 070214s1967 sp r ||||1| spa d | ||
| 100 | 1 |
_aSoroa y Pineda, José María de. _9107414 |
|
| 245 | 1 | 0 |
_aElayotecnia _b: extracción, mejora, empleos y subproductos del aceite de oliva / _cJosé María Soroa y Pineda. |
| 250 | _a6ª ed. corr. y aum. | ||
| 260 |
_aMadrid : _bDossat, _c1967 ( _fTip. Artística) |
||
| 300 |
_a500 p. : _bil. ; _c23 cm. |
||
| 650 |
_aAceite de oliva- _xElaboración. _9171210 |
||
| 852 |
_aES-MaACL _jA-6008 |
||
| 999 |
_c145377 _d145377 |
||